00920 a2200241 450000500170000000800410001702000180005804000480007604100080012424501470013226000360027930000180031549000420033350400410037565000380041665000330045465000370048765000220052470000300054670000290057670000260060570000470063120140903175016.0140120s2012 sp ||||fr|||| 00| 0 spa d a9788498793567 aCO-BoUCMbspacJose A. GerenadHenry Ríos00aspa00aInstrumentos y regímenes de Cooperación Internacionalcdirigido por Fernando M. Mariño Menéndez ; Montserrat Abad Castelos...[y otros] c2012bTrottaaMadrid (España) a213 páginas aEstructuras y procesosaSerie derecho aIncluye referencias bibliográficas 4aPersonas (Derecho internacional)  7aCooperación internacional  7aDerecho internacional público  7aDerechos humanos 1 aAbad Castelos, Montserrat1 aAlcoceba Gallego, Amparo1 aCebada Romero, Alicia1 aMariño Menéndez, Fernando M.edirector